书目信息 |
| 题名: |
人类政治问题
|
|
| 作者: | 桑玉成, , 朱勤军 主编 | |
| 分册: | ||
| 出版信息: | 北京 科学出版社 2000 |
|
| 页数: | 296页 | |
| 开本: | 20cm | |
| 丛书名: | 文化素质修养丛书 | |
| 单 册: | ||
| 中图分类: | DO | |
| 科图分类: | ||
| 主题词: | 政治人类学--zheng zhi ren lei xue | |
| 电子资源: | ||
| ISBN: | 7-03-007839-X | |
| 000 | 01041nam 2200289 450 | |
| 001 | CAL 012000887066 | |
| 005 | 20061121110212.42 | |
| 010 | @a7-03-007839-X@dCNY 15.00 | |
| 099 | @aCAL 012000887066 | |
| 100 | @a19991123d2000 ekmy0chiy0121 ea | |
| 101 | 0 | @achi |
| 102 | @aCN@b110000 | |
| 105 | @ay a 000yy | |
| 200 | 1 | @a人类政治问题@Aren lei zheng zhi wen ti@f桑玉成,朱勤军主编@Fsang yu cheng,zhu qin jun zhu bian |
| 210 | @a北京@c科学出版社@d2000 | |
| 215 | @a296页@d20cm | |
| 225 | 2 | @a文化素质修养丛书@Awen hua su zhi xiu yang cong shu@f主编卢嘉锡 |
| 320 | @a有书目 | |
| 330 | @a本书列出若干在人类过去、现在以至将来仍将面临的主要政治问题,并对这些问题的起源、发展、现状、趋势以及基本理论和有关各国的实践进行解说、探析等。 | |
| 410 | 0 | @12001 @a文化素质修养丛书@1701 1@f卢嘉锡@4主编 |
| 606 | 0 | @a政治人类学@Azheng zhi ren lei xue |
| 690 | @aDO@v4 | |
| 701 | 0 | @a桑玉成,@ASang Yucheng@f1955-@4主编 |
| 701 | 0 | @a朱勤军@AZhu Qinjun@c(政治)@4主编 |
| 801 | @aCN@c20061121 | |
| 905 | @a10447@dDO@eS033 | |
| 998 | @aHIT | |
| 人类政治问题/桑玉成,朱勤军主编.-北京:科学出版社,2000 |
| 296页;20cm.-(文化素质修养丛书/主编卢嘉锡) |
| ISBN 7-03-007839-X:CNY 15.00 |
| 本书列出若干在人类过去、现在以至将来仍将面临的主要政治问题,并对这些问题的起源、发展、现状、趋势以及基本理论和有关各国的实践进行解说、探析等。 |
| ● |
| 相关链接 |
|
|
|
正题名:人类政治问题
索取号:DO/S033
 
预约/预借
| 序号 | 登录号 | 条形码 | 馆藏地/架位号 | 状态 | 备注 |
| 1 | 613316 | 206133165 | 社科库509/509社科库 67排1列2层/ [索取号:DO/S033] | 在馆 | |
| 2 | 613317 | 206133174 | 社科库509/504自科库 41排6列4层/ [索取号:DO/S033] | 在馆 | |
| 3 | 613318 | 206133183 | 社科库509/509社科库 67排1列2层/ [索取号:DO/S033] | 在馆 |